000 00971nam a2200265Ia 4500
003 OSt
005 20221005103749.0
006 a|||||r|||| 00| 0
007 ta
008 221004b |||||||| |||| 00| 0 hin d
020 _a8188118346 (hbk)
_cIndian Rupees 35.00
024 _a27963
037 _bGift, 24/10/2016,
_cTextual
040 _aCRL
_cCRL
_bhin
041 _2hin
_ahin
082 _aO152,2M50,17:g, P3
100 _aगौतम, रमेश
245 0 _aअंधेर नगरी
_b सृजन - विश्लेषण और पाठ
246 _aAandher nagarī: sṛujan - vishleṣhaṇ aur pāṭha
260 _aदिल्ली
_bआर्य प्रकाशन मंडल भारत
_c2007
300 _a107पृ0
_ccm.
650 _aहिन्दी साहित्य
942 _hO152,2M50,17:g, P3
_cTEXL
_2cc
999 _c1010834
_d1010834